MARC details
| 000 -LEADER |
| fixed length control field |
02520nam a22003857a 4500 |
| 001 - CONTROL NUMBER |
| control field |
104387 |
| 003 - CONTROL NUMBER IDENTIFIER |
| control field |
KnowledgeUnlatched |
| 005 - DATE AND TIME OF LATEST TRANSACTION |
| control field |
20210303104941.0 |
| 006 - FIXED-LENGTH DATA ELEMENTS--ADDITIONAL MATERIAL CHARACTERISTICS |
| fixed length control field |
m o d |
| 007 - PHYSICAL DESCRIPTION FIXED FIELD--GENERAL INFORMATION |
| fixed length control field |
cr u|||||||||| |
| 008 - FIXED-LENGTH DATA ELEMENTS--GENERAL INFORMATION |
| fixed length control field |
210129p20142020xx o u00| u eng d |
| 037 ## - SOURCE OF ACQUISITION |
| Institution to which field applies |
BiblioBoard |
| 020 ## - INTERNATIONAL STANDARD BOOK NUMBER |
| International Standard Book Number |
9789027270368 |
| 024 8# - OTHER STANDARD IDENTIFIER |
| Standard number or code |
https://doi.org/10.1075/dapsac.54 |
| 029 1# - OTHER SYSTEM CONTROL NUMBER (OCLC) |
| OCLC library identifier |
https://library.biblioboard.com/ext/api/media/8dbf1090-bd69-47c6-9c24-bdaba3263fd5/assets/thumbnail.jpg |
| 040 ## - CATALOGING SOURCE |
| Original cataloging agency |
ScCtBLL |
| Transcribing agency |
ScCtBLL |
| 245 00 - TITLE STATEMENT |
| Title |
Discourse, Politics and Media in Contemporary China |
| Statement of responsibility, etc. |
Qing Cao, Paul Chilton, Hailong Tian. |
| 264 #1 - PRODUCTION, PUBLICATION, DISTRIBUTION, MANUFACTURE, AND COPYRIGHT NOTICE |
| Name of producer, publisher, distributor, manufacturer |
John Benjamins Publishing Company, |
| 300 ## - PHYSICAL DESCRIPTION |
| Extent |
1 online resource (1 p.) |
| 506 0# - RESTRICTIONS ON ACCESS NOTE |
| Terms governing access |
Access copy available to the general public. |
| Standardized terminology for access restriction |
Unrestricted |
| Source of term |
star |
| 520 ## - SUMMARY, ETC. |
| Summary, etc. |
After three and a half decades of economic reforms, radical changes have occurred in all aspects of life in China. In an authoritarian society, these changes are mediated significantly through the power of language, carefully controlled by the political elites. Discourse, as a way of speaking and doing things, has become an indispensable instrument for the authority to manage a fluid, increasingly fragmented, but highly dynamic and yet fragile society. Written by an international team of leading scholars, this volume examines socio-political transformations of contemporary Chinese society through a systematic account, analysis and assessment of its salient discourses and their production, circulation, negotiation, and consequences. In particular, the volume focuses on the interplay of politics and media. The book's intended readership is academics and students of Chinese studies, language and discourse, and media and communication studies. |
| 588 0# - SOURCE OF DESCRIPTION NOTE |
| Source of description note |
Description based on print version record. |
| 590 ## - LOCAL NOTE (RLIN) |
| Local note |
KU Select 2019: HSS Backlist Books |
| 650 #7 - SUBJECT ADDED ENTRY--TOPICAL TERM |
| Topical term or geographic name entry element |
Language Arts & Disciplines / Linguistics |
| Source of heading or term |
bisacsh |
| 650 #0 - SUBJECT ADDED ENTRY--TOPICAL TERM |
| Topical term or geographic name entry element |
Language arts |
| 655 #0 - INDEX TERM--GENRE/FORM |
| Genre/form data or focus term |
Electronic books. |
| 700 1# - ADDED ENTRY--PERSONAL NAME |
| Personal name |
Cao, Qing |
| Relator term |
editor. |
| 700 1# - ADDED ENTRY--PERSONAL NAME |
| Personal name |
Chilton, Paul |
| Relator term |
editor. |
| 700 1# - ADDED ENTRY--PERSONAL NAME |
| Personal name |
Tian, Hailong |
| Relator term |
editor. |
| 758 ## - |
| -- |
Is found in: |
| -- |
Knowledge Unlatched |
| -- |
https://openresearchlibrary.org/module/2774bc74-146a-484f-a7ba-ab1d6a09bbfb |
| 856 40 - ELECTRONIC LOCATION AND ACCESS |
| Uniform Resource Identifier |
<a href="https://openresearchlibrary.org/content/8dbf1090-bd69-47c6-9c24-bdaba3263fd5">https://openresearchlibrary.org/content/8dbf1090-bd69-47c6-9c24-bdaba3263fd5</a> |
| Public note |
View this content on Open Research Library. |
| -- |
0 |